Detalles MARC
| 000 -CABECERA |
| campo de control de longitud fija |
00921nam a22002537a 4500 |
| 003 - IDENTIFICADOR DEL NÚMERO DE CONTROL |
| campo de control |
BPGM |
| 008 - DATOS DE LONGITUD FIJA--INFORMACIÓN GENERAL |
| campo de control de longitud fija |
260618e1996 mx ||||g |||| 001 0 spa d |
| 020 ## - NÚMERO INTERNACIONAL ESTÁNDAR DEL LIBRO |
| Número Internacional Estándar del Libro |
968-7727-01-2 |
| 040 ## - FUENTE DE LA CATALOGACIÓN |
| Lengua de catalogación |
spa |
| 041 ## - CÓDIGO DE LENGUA |
| Código de lengua del texto/banda sonora o título independiente |
spa |
| Código de lengua original |
spa |
| 082 04 - NÚMERO DE LA CLASIFICACIÓN DECIMAL DEWEY |
| Número de edición |
972.0098 |
| Número de clasificación |
P35/X56 |
| 245 ## - MENCIÓN DE TÍTULO |
| Título |
XI OI COLOQUIO PAME |
| Resto del título |
LOS PAMES DE SAN LUIS POTOSI Y QUERETARO |
| 250 ## - MENCIÓN DE EDICIÓN |
| Mención de edición |
PRIMERA EDICION |
| Resto de la mención de edición |
1996 |
| 260 ## - PUBLICACIÓN, DISTRIBUCIÓN, ETC. |
| Lugar de publicación, distribución, etc. |
MEXICO |
| Nombre del editor, distribuidor, etc. |
CENTRO DE INVESTIGACION DE SAN LUIS POTOSI |
| Fecha de publicación, distribución, etc. |
1996 |
| 300 ## - DESCRIPCIÓN FÍSICA |
| Extensión |
170 paginas |
| Otras características físicas |
16 cm x 22.5 cm |
| 336 ## - TIPO DE CONTENIDO |
| Fuente |
rdacontent |
| Término de tipo de contenido |
texto |
| Código de tipo de contenido |
txt |
| 337 ## - TIPO DE MEDIO |
| Fuente |
rdamedia |
| Nombre/término del tipo de medio |
sin mediación |
| Código del tipo de medio |
n |
| 338 ## - TIPO DE SOPORTE |
| Fuente |
rdacarrier |
| Nombre/término del tipo de soporte |
volumen |
| Código del tipo de soporte |
nc |
| 505 ## - NOTA DE CONTENIDO CON FORMATO |
| Nota de contenido con formato |
es una compilación de estudios sobre la historia, cultura, lengua y situación social del pueblo pame, coordinada por Lydia Torre. |
| 650 ## - PUNTO DE ACCESO ADICIONAL DE MATERIA--TÉRMINO DE MATERIA |
| Fuente del encabezamiento o término |
GEOGRAFÍA E HISTORIA |
| 650 ## - PUNTO DE ACCESO ADICIONAL DE MATERIA--TÉRMINO DE MATERIA |
| Fuente del encabezamiento o término |
HISTORIA GENERAL DE AMÉRICA DEL NORTE |
| 650 ## - PUNTO DE ACCESO ADICIONAL DE MATERIA--TÉRMINO DE MATERIA |
| Fuente del encabezamiento o término |
MESOAMÉRICA (AMÉRICA MEDIA) MÉXICO |
| 942 ## - ELEMENTOS DE PUNTO DE ACCESO ADICIONAL (KOHA) |
| Fuente del sistema de clasificación o colocación |
Dewey Decimal Classification |
| Tipo de ítem Koha |
Colección Querétaro |